The six disciplines of breakthrough learning : (Record no. 133287)
[ view plain ]
| 000 -LEADER | |
|---|---|
| fixed length control field | 01368cam a2200277 a 4500 |
| 001 - CONTROL NUMBER | |
| control field | vtls003212161 |
| 003 - CONTROL NUMBER IDENTIFIER | |
| control field | MY-SjTCS |
| 005 - DATE AND TIME OF LATEST TRANSACTION | |
| control field | 20200226114504.0 |
| 008 - FIXED-LENGTH DATA ELEMENTS--GENERAL INFORMATION | |
| fixed length control field | 110218s2010 caua b 001 0 eng |
| 020 ## - INTERNATIONAL STANDARD BOOK NUMBER | |
| International Standard Book Number | 9780470526521 (hbk.) |
| 039 #9 - LEVEL OF BIBLIOGRAPHIC CONTROL AND CODING DETAIL [OBSOLETE] | |
| Level of rules in bibliographic description | 201102181701 |
| Level of effort used to assign nonsubject heading access points | VLOAD |
| Level of effort used to assign subject headings | 201101071054 |
| Level of effort used to assign classification | wilmina |
| -- | 201011021513 |
| -- | malathy |
| 082 00 - DEWEY DECIMAL CLASSIFICATION NUMBER | |
| Classification number | 658.3124 |
| Item number | WIC 2010 |
| 100 1# - MAIN ENTRY--PERSONAL NAME | |
| Personal name | Wick, Calhoun W. |
| 9 (RLIN) | 48170 |
| 245 14 - TITLE STATEMENT | |
| Title | The six disciplines of breakthrough learning : |
| Remainder of title | how to turn training and development into business results / |
| Statement of responsibility, etc. | Calhoun Wick, Roy Pollock, Andrew Jefferson ; foreword by Al Switzler. |
| 250 ## - EDITION STATEMENT | |
| Edition statement | 2nd ed. |
| 260 ## - PUBLICATION, DISTRIBUTION, ETC. | |
| Place of publication, distribution, etc. | San Francisco : |
| Name of publisher, distributor, etc. | Pfeiffer, |
| Date of publication, distribution, etc. | c2010. |
| 300 ## - PHYSICAL DESCRIPTION | |
| Extent | xv, 360 p. : |
| Other physical details | ill. ; |
| Dimensions | 25 cm. |
| 500 ## - GENERAL NOTE | |
| General note | Prev. ed. entered under title. |
| 504 ## - BIBLIOGRAPHY, ETC. NOTE | |
| Bibliography, etc. note | Includes bibliographical references and index. |
| 505 0# - FORMATTED CONTENTS NOTE | |
| Formatted contents note | Machine generated contents note: Foreword. -- Introduction: The Six Ds. -- D1. Define Outcomes in Business Terms. -- D2. Design Complete Experience. -- D3. Deliver for Application. -- D4. Drive Follow-Through. -- D5. Deploy Active Support. -- D6. Document Results. -- Coda. -- The Last Word. -- References. -- Index. -- About the Authors. |
| 650 #0 - SUBJECT ADDED ENTRY--TOPICAL TERM | |
| Topical term or geographic name entry element | Organizational learning. |
| 650 #0 - SUBJECT ADDED ENTRY--TOPICAL TERM | |
| Topical term or geographic name entry element | Employees |
| General subdivision | Training of. |
| 9 (RLIN) | 8623 |
| 700 1# - ADDED ENTRY--PERSONAL NAME | |
| Personal name | Pollock, Roy V. H. |
| 9 (RLIN) | 48171 |
| 700 1# - ADDED ENTRY--PERSONAL NAME | |
| Personal name | Jefferson, Andrew McK. |
| 9 (RLIN) | 48172 |
| 920 ## - Programme | |
| Programme | GENLS : 154158 |
| Withdrawn status | Lost status | Source of classification or shelving scheme | Damaged status | Not for loan | Home library | Current library | Date acquired | Cost, normal purchase price | Total Checkouts | Total Renewals | Barcode | Date last seen | Date last checked out | Copy number | Uniform Resource Identifier | Cost, replacement price | Koha item type | Public note |
|---|---|---|---|---|---|---|---|---|---|---|---|---|---|---|---|---|---|---|
| Dewey Decimal Classification | Taylor's Library-TU | Taylor's Library-TU | 06/12/2010 | 138.38 | 2 | 1 | 5000107126 | 17/08/2023 | 10/02/2023 | 1 | Floor 4, Shelf 25 , Side 1, TierNo 1, BayNo 4 | 138.38 | Main Collection | GENLS,GENLS,03,GR |